000 00261nam a22001097a 4500
008 170118b xxu||||| |||| 00| 0 eng d
020 _a9780071461153
041 _aeng
080 _a618.2
245 _aFIRST AID FOR THE USMLE STEP 1
_cBHUSHAN, V
942 _2udc
_cBK
999 _c3102
_d3102